| 000 | 00581nam a2200205 a 4500 | ||
|---|---|---|---|
| 001 | 000025295 | ||
| 005 | 20240412074251.0 | ||
| 008 | 110214s2012 dr 001 j spa d | ||
| 020 | _a9789945863741 | ||
| 040 |
_aDO-SdBNP _bspa _cBNPHU |
||
| 082 |
_aRD863.5 _bD546w |
||
| 100 | 1 |
_aDicent, Juan, _d1969- _951819 |
|
| 245 | 1 | 0 |
_aWinterness / _cJuan Dicent. |
| 260 |
_aSanto Domingo : _bDe a Poco, _c2012. |
||
| 300 |
_a93 p. ; _c21 cm. |
||
| 650 | 0 |
_aCuentos dominicanos _9176 |
|
| 650 | 0 |
_aLiteratura dominicana. _967 |
|
| 910 | _aValidado. Control de calidad EMS | ||
| 049 | _aBNPD | ||
| 999 |
_c24788 _d24788 |
||